| 000 | 00854nam a22002537a 4500 | ||
|---|---|---|---|
| 001 | BR7600346 | ||
| 003 | BR-BrBNA | ||
| 005 | 20230928084857.0 | ||
| 007 | ta | ||
| 008 | 230509b bl.||||| |||| 00| 0 por d | ||
| 040 |
_aBR-BrBNA _bpor _cBiblioteca Nacional de Agricultura |
||
| 041 | _a(Por) | ||
| 072 |
_aH20 _b0311 _b4120 _b/G514 |
||
| 090 | _ 0311 BR7600346 | ||
| 110 | 1 |
_aEmpresa Brasileira de Pesquisa Agropecuaria, Aracaju, SE. Representacao Estadual em Sergipe _93831 |
|
| 245 | 1 | _aRelatorio do grupo de pesquisa sobre a queima das folhas do coqueiro (Cocus nucifera L.)(01 a 06/12/1975)[Sergipe; Erwinia nucifera; Catacauma torrendiella; Brasil] | |
| 260 | 3 |
_aAracaju, SE (Brasil): _c1975. |
|
| 300 | _a10 p. | ||
| 650 | _aCOCO | ||
| 650 | _aQUEIMA DA FOLHA | ||
| 650 | _aSERGIPE | ||
| 909 |
_a202309 _bLucia _c55 _dLucia Elande |
||
| 942 | _cBK | ||
| 999 |
_c21629 _d21629 |
||